Curso bs̀ico sobre garantismo

Detalles Bibliográficos
Autor principal: Prieto Sanchs̕, Luis
Formato: eBook
Lenguaje:español
Publicado: Ciudad de Mx̌ico: Instituto de ciencias penales de Mx̌ico (INACIPE), 2018
Materias:
Acceso en línea:Acceso restringido

MARC

LEADER 00000nam a22000007a 4500
005 20190904230217.0
007 cr|||| ||||
008 190904s2018 mx |||||s|||| 00||0 spa d
020 |a 978-607-8493-31-9 
035 |a 24742 
040 |a vLex 
090 |c 9398  |d 9398 
100 1 |a Prieto Sanchs̕, Luis 
245 1 0 |a Curso bs̀ico sobre garantismo  |h [Recurso electrn̤ico] /  |c Luis Prieto Sanchs̕ 
256 |a Servicio en ln̕ea 
260 |a Ciudad de Mx̌ico:  |b Instituto de ciencias penales de Mx̌ico (INACIPE),  |c 2018 
300 |a 1 recurso electrn̤ico 
506 1 |a Disponible solo en los productos indicados  |d vLex Global  |d vLex Global (Academic Edition, excluding Law Schools)  |d vLex Global (U.S. Academic Edition, Law Schools)  |d vLex Global (U.S. Academic Edition, excluding Law Schools)  |d vLex Global (Academic Edition, Law Schools) 
650 0 4 |a Derecho Constitucional  |z Mx̌ico 
740 0 |a vLex Libros (Servicio en ln̕ea) 
856 4 0 |u http://vlex.com/source/curso-basico-garantismo-24742  |z Acceso restringido 
942 |c BOOK 
999 0 |a Constitutional right